India, Burma, and Ceylon. Information for travellers and residents. (Record no. 6582)
[ view plain ]
| 000 -CABECERA | |
|---|---|
| campo de control de longitud fija | 00711nam a2200217 a 4500 |
| 001 - NÚMERO DE CONTROL | |
| campo de control | BRCA_6900 |
| 005 - FECHA Y HORA DE LA ÚLTIMA TRANSACCIÓN | |
| campo de control | 20190320205631.0 |
| 008 - DATOS DE LONGITUD FIJA--INFORMACIÓN GENERAL | |
| campo de control de longitud fija | 151111c1926----enkab#####---#000-0#eng-# |
| 041 ## - CÓDIGO DE LENGUA | |
| Código de lengua del texto/banda sonora o título independiente | ger |
| 044 ## - CÓDIGO DEL PAÍS DE LA ENTIDAD EDITORA/PRODUCTORA | |
| Código MARC del país | gw |
| 050 #4 - SIGNATURA TOPOGRÁFICA DE LA BIBLIOTECA DEL CONGRESO | |
| Número de clasificación | DS406 |
| Número de documento/Ítem | .C75 |
| -- | 1926 |
| 245 10 - MENCIÓN DE TÍTULO | |
| Título | India, Burma, and Ceylon. Information for travellers and residents. |
| 260 ## - PUBLICACIÓN, DISTRIBUCIÓN, ETC. | |
| Lugar de publicación, distribución, etc. | Londres |
| Nombre del editor, distribuidor, etc. | Thos. Cook & son |
| Fecha de publicación, distribución, etc. | 1926 |
| 300 ## - DESCRIPCIÓN FÍSICA | |
| Extensión | iv, 238 p. |
| Otras características físicas | il. (algunas a color), mapas |
| Dimensiones | 16 cm. |
| 500 ## - NOTA GENERAL | |
| Nota general | L159 |
| 651 #4 - PUNTO DE ACCESO ADICIONAL DE MATERIA--NOMBRE GEOGRÁFICO | |
| Nombre geográfico | India |
| Subdivisión de forma | Guía de viajeros |
| Subdivisión general | Descripción y viajes |
| 9 (RLIN) | 17183 |
| 651 #4 - PUNTO DE ACCESO ADICIONAL DE MATERIA--NOMBRE GEOGRÁFICO | |
| Nombre geográfico | Pakistan |
| Subdivisión de forma | Guía de viajeros |
| Subdivisión general | Descripción y viajes |
| 9 (RLIN) | 17184 |
| 651 #4 - PUNTO DE ACCESO ADICIONAL DE MATERIA--NOMBRE GEOGRÁFICO | |
| Nombre geográfico | Sri Lanka |
| Subdivisión de forma | Guía de viajeros |
| Subdivisión general | Descripción y viajes |
| 9 (RLIN) | 17185 |
| 902 ## - CATALOGADOR | |
| Iniciales | GFM |
| 942 ## - ELEMENTOS DE PUNTO DE ACCESO ADICIONAL (KOHA) | |
| Fuente del sistema de clasificación o colocación | Library of Congress Classification |
| Tipo de ítem Koha | Libros |
| Estado de retiro | Estado de pérdida | Estado dañado | No para préstamo | Localización permanente | Ubicación/localización actual | Fecha de adquisición | Número de inventario | Total de préstamos | Signatura topográfica completa | Código de barras | Fecha visto por última vez | Precio válido a partir de | Tipo de ítem Koha |
|---|---|---|---|---|---|---|---|---|---|---|---|---|---|
| El ejemplar forma parte de la colección y puede ser consultado según las políticas vigentes. | Biblioteca del Museo Franz Mayer (Rogerio Casas-Alatriste) | Biblioteca del Museo Franz Mayer (Rogerio Casas-Alatriste) | 15/11/2011 | L159 | DS406 .C75 1926 (L159) | 7347 | 22/03/2019 | 22/03/2019 | Libros |